Central Library OPAC University of Rajshahi

Welfare economics / (Record no. 42456)

MARC details
000 -LEADER
fixed length control field 00855pam a2200277 a 4500
001 - CONTROL NUMBER
control field 42456
003 - CONTROL NUMBER IDENTIFIER
rucl marc code BD-RjUL
005 - DATE AND TIME OF LATEST TRANSACTION
control field 20211209053538.0
008 - FIXED-LENGTH DATA ELEMENTS--GENERAL INFORMATION
fixed length control field 160613s1984 enka b 001 0 eng
020 ## - INTERNATIONAL STANDARD BOOK NUMBER
International Standard Book Number 0631133267 :
Terms of availability $34.95 (U.S.)
International Standard Book Number 0631133275 (pbk.) :
Terms of availability $14.95 (U.S.)
035 ## - SYSTEM CONTROL NUMBER
System control number (BD-RjUL)42574
040 ## - CATALOGING SOURCE
Original cataloging agency DLC
Transcribing agency DLC
Modifying agency DLC
-- (BD-RjUL)
Language of cataloging eng
041 ## - LANGUAGE CODE
Language code of text/sound track or separate title eng
082 00 - DEWEY DECIMAL CLASSIFICATION NUMBER
Classification number 330.15/5
Edition number 19
Author mark and year BOW 1984
100 1# - MAIN ENTRY--PERSONAL NAME
Personal name Boadway, Robin W.,
Dates associated with a name 1943-
9 (RLIN) 130601
245 10 - TITLE STATEMENT
Title Welfare economics /
Statement of responsibility, etc. Robin Boadway, Neil Bruce.
260 ## - PUBLICATION, DISTRIBUTION, ETC. (IMPRINT)
Place of publication, distribution, etc. Oxford [Oxfordshire] :
-- New York :
Name of publisher, distributor, etc. B. Blackwell,
Date of publication, distribution, etc. 1984.
300 ## - PHYSICAL DESCRIPTION
Pagination viii, 344 p. :
Illustrations ill. ;
Size 25 cm.
500 ## - GENERAL NOTE
General note Includes indexes.
504 ## - BIBLIOGRAPHY, ETC. NOTE
Bibliography, etc Bibliography: p. [329]-336.
650 #0 - SUBJECT ADDED ENTRY--TOPICAL TERM
Topical term or geographic name as entry element Welfare economics.
9 (RLIN) 130602
700 1# - ADDED ENTRY--PERSONAL NAME
Personal name Bruce, Neil.
942 ## - ADDED ENTRY ELEMENTS (KOHA)
Source of classification or shelving scheme Dewey Decimal Classification
Koha item type Books
Holdings
Lost status Source of classification or shelving scheme Damaged status Not for loan Collection code Permanent Location Current Location Shelving location Date acquired Source of acquisition Cost, normal purchase price Total Checkouts Full call number Date last seen Copy number Koha item type
  Dewey Decimal Classification     Non-fiction Central Library, University of Rajshahi Central Library, University of Rajshahi   30/07/1988 Manik bro. 35.00   330.155 BOW 1984 13/06/2016 C-2 Books